Zes dichtstbijzijnde landen - Mongolië - Statistieken

Algemene statistieken
  • Deze quiz is 23 keer genomen
  • De gemiddelde score is 5 van 6
Antwoordstatistieken
km land % Correct
0 China
100%
0 Rusland
100%
770 Noord-Korea
80%
39 Kazachstan
70%
1102 Zuid-Korea
70%
920 Kirgizië
45%
Geen overeenkomende quizzen gevonden
Scoreverdeling
Procent van Mensen met Elke Score
Percentiel versus Aantal Correcte Antwoorden
Uw Scoregeschiedenis
U heeft deze quiz nog niet genomen